मेरे सपनों का भारत / (Record no. 42129)
[ view plain ]
| 000 -LEADER | |
|---|---|
| fixed length control field | 00992nam a22002417a 4500 |
| 005 - DATE AND TIME OF LATEST TRANSACTION | |
| control field | 20100816134353.0 |
| 010 ## - LCCN (DPL NO) | |
| LC control number | HIN-90172 |
| 020 ## - INTERNATIONAL STANDARD BOOK NUMBER | |
| International Standard Book Number | 8189576062 |
| Terms of availability | 150.00 |
| 035 ## - SYSTEM CONTROL NUMBER | |
| System control number | HN-62518 |
| 037 ## - SOURCE OF ACQUISITION | |
| Source of stock number/acquisition | DBAD / PUB |
| 082 ## - DEWEY DECIMAL CLASSIFICATION NUMBER | |
| Classification number | 301.153 |
| 100 ## - MAIN ENTRY--PERSONAL NAME | |
| Personal name | गाँधी, महात्मा |
| 245 ## - TITLE STATEMENT | |
| Title | मेरे सपनों का भारत / |
| Statement of responsibility, etc | महात्मा गाँधी |
| 246 ## - VARYING FORM OF TITLE | |
| Title proper/short title | Mere Sapnon Ka Bharat |
| Remainder of title | by Mahatama Gandhi |
| 260 ## - PUBLICATION, DISTRIBUTION, ETC. (IMPRINT) | |
| Place of publication, distribution, etc | हापुड़ |
| Name of publisher, distributor, etc | कल्पतरु प्रकाशन |
| Date of publication, distribution, etc | 2010 |
| 270 ## - ADDRESS | |
| Address | रेवती कुंज |
| City | हापुड़ |
| Postal code | 245101 |
| 300 ## - PHYSICAL DESCRIPTION | |
| Extent | 112पृ |
| Dimensions | 22सेमी (सजिल्द) |
| 700 ## - ADDED ENTRY--PERSONAL NAME | |
| 9 (RLIN) | 7228 |
| 700 ## - ADDED ENTRY--PERSONAL NAME | |
| 9 (RLIN) | 7267 |
| 700 ## - ADDED ENTRY--PERSONAL NAME | |
| 9 (RLIN) | 7698 |
| 942 ## - ADDED ENTRY ELEMENTS (KOHA) | |
| Institution code [OBSOLETE] | dpl |
| Item type | Hindi Books |
| Call number prefix | |
| Source of classification or shelving scheme | Dewey Decimal Classification |
| Call number suffix | गाँधीम |
| Classification part | 301.153 |
| Withdrawn status | Lost status | Not for loan | Collection code | Home library | Current library | Date acquired | Source of acquisition | Cost, normal purchase price | Full call number | Barcode | Copy number | Cost, replacement price | Koha item type |
|---|---|---|---|---|---|---|---|---|---|---|---|---|---|
| Not For Loan | Non-fiction | D.B.Act.Division | D.B.Act.Division | 16/08/2010 | DBAD / PUB | 150.00 | 301.153 गाँधीम | HN-62518 | 1 | 150.00 | Hindi Books |
